Eight-Thousander Mountains - Statistics

General Stats
  • This quiz has been taken 1,156 times
  • The average score is 6 of 14
Answer Stats
Height Location
Year of First Ascent
Total Ascents Total Deaths Answer % Correct
8,848 m (29,029 ft) Nepal / China 1953 5,656 223 Mount Everest
100%
8,611 m (28,251 ft) Pakistan / China 1954 306 81 K2
98%
8,091 m (26,545 ft) Nepal 1950 191 61 Annapurna I
56%
8,516 m (27,940 ft) Nepal / China 1956 461 13 Lhotse
46%
8,586 m (28,169 ft) Nepal / India 1955 283 40 Kangchenjunga
45%
8,125 m (26,657 ft) Pakistan 1953 335 68 Nanga Parbat
38%
8,080 m (26,510 ft) Pakistan / China 1958 334 29 Gasherbrum I
35%
8,034 m (26,358 ft) Pakistan / China 1956 930 21 Gasherbrum II
35%
8,051 m (26,414 ft) Pakistan / China 1957 404 21 Broad Peak
31%
8,188 m (26,864 ft) Nepal / China 1954 3,138 44 Cho Oyu
31%
8,485 m (27,838 ft) Nepal / China 1955 361 31 Makalu
30%
8,163 m (26,781 ft) Nepal 1956 661 65 Manaslu
29%
8,167 m (26,795 ft) Nepal 1960 448 69 Dhaulagiri I
25%
8,027 m (26,335 ft) China 1964 302 25 Shishapangma
23%
No matching quizzes found
Score Distribution
Percent of People with Each Score
Percentile by Number Answered
Your Score History
You have not taken this quiz